Simple method for the biological assessment of the effects (Registro nro. 11441)

Detalles MARC
000 -CABECERA
Campo de control 004190000a22001450004500
090 ## - CLASIFICACIÓN LOCAL
Colección AR
Consecutivo 02370
041 0# - IDIOMA
Código de idioma para texto/pista de sonido o título separado
100 1# - ASIENTO PRINCIPAL--NOMBRE PERSONAL
Nombre personal Cairns, John
245 10 - MENCION DE TITULO
Título Simple method for the biological assessment of the effects
650 14 - ASIENTO SECUNDARIO DE MATERIA - TERMINO TEMATICO
Término temático o nombre geográfico como elemento de entrada Contaminación del agua
650 14 - ASIENTO SECUNDARIO DE MATERIA - TERMINO TEMATICO
Término temático o nombre geográfico como elemento de entrada Bioquímica
650 14 - ASIENTO SECUNDARIO DE MATERIA - TERMINO TEMATICO
Término temático o nombre geográfico como elemento de entrada Fauna acuática
773 1# - Item fuente:
Título Journal WPCF
Especificación de materiales 1223
Descripción física 5
Paginas del Articulo 755-772
Lugar, editorial y fecha de publicación 1971
Información sobre la relación 43
942 ## - ELEMENTOS ADICIONALES (KOHA)
Tipo de ítem Artículo
Existencias
Withdrawn status Lost status Damaged status No para préstamo Colección Ubicación Permanente Ubicación actual Fecha de adquisición Fuente de Valor Datos de publicación Seriada Total Checkouts Número topográfico Inventario / Código de Barras Date last seen Ejemplar Price effective from Forma de adquisición Tipo de material
      No para Préstamo Hemeroteca Bogotá Bogotá 27/02/2015 Ferreira Miani, Paola Fuera de circulación   AR 02370 012780 25/03/2015 1 25/03/2015   Artículo